000 00863cab a2200229 4500
001 WB2649-45
008 090401t1990 xxu||||| |||| 00| 0 eng d
035 _a(Sirsi) u46034
041 _aeng
245 _aRace relations code
260 _c1990
350 _a0
490 _aMortgage Finance
_vMonthly vol 10 no 2, December 1990, p4
520 _aThe Commission for Racial Equality has produced a consultative draft for a Code of Practice in Non-Rented (owner occupied) Housing . It aims to provide detailed guidance on the operation of the Race Relations Act 1976 with regard to the selling and purchasing of houses.
650 _aABOUT RICS-RICS MEMBERS
650 _aESTATE AGENTS
650 _aHOUSE PURCHASE
650 _aValuation
_96273
690 _aMANAGEMENT-BUSINESS MANAGEMENT-PROFESSIONAL PRACTICE
942 _n0
948 _c04/03/1997
999 _c29124
_d29124